[Event "British Universities-ch"]
[Site "Chess.com INT"]
[Date "2022.03.05"]
[Round "3.1"]
[White "Glancey, Jamie"]
[Black "Bott, Simeon"]
[Result "0-1"]
[WhiteElo "1098"]
[BlackElo "1749"]
[PlyCount "82"]
[EventDate "2022.03.05"]
[EventType "swiss"]
[EventRounds "9"]
[EventCountry "ENG"]
[SourceTitle "EXT 2023"]
[Source "ChessBase"]
[SourceDate "2022.10.05"]
[SourceVersion "1"]
[SourceVersionDate "2022.10.05"]
[SourceQuality "1"]
[WhiteTeam "Exeter III"]
[BlackTeam "Warwick (Knights) VII"]
[WhiteTeamCountry "ENG"]
[BlackTeamCountry "ENG"]

1. c4 e5 2. g3 Nf6 3. Bg2 Nc6 4. Nc3 Bb4 5. e3 0-0 6. Nge2 d6 7. a3 Bxc3 8. Nxc3 Bf5 9. 0-0 Bd3 10. Re1 Bxc4 11. b4 h6 12. Bb2 Re8 13. Rc1 Be6 14. Ne4 Nxe4 15. Bxe4 f5 16. Bg2 d5 17. d4 e4 18. Qb3 Qd6 19. Rf1 Ne7 20. f3 c6 21. fxe4 fxe4 22. Rc2 Rf8 23. Rcf2 Bg4 24. Qc2 Ng6 25. Qb3 Qe6 26. a4 Rxf2 27. Rxf2 Rf8 28. Qc2 Rxf2 29. Qxf2 Nf8 30. b5 cxb5 31. axb5 Nh7 32. Qf4 Ng5 33. Qb8+ Kh7 34. Qxb7 Bh3 35. Bxh3 Qxh3 36. Qxd5 Nf3+ 37. Kf2 Qxh2+ 38. Kf1 Qh1+ 39. Ke2 Qh2+ 40. Kf1 Qh1+ 41. Ke2 Qe1# 0-1